=LDR 00000nam 2200000 4500 =001 INLIS000000000004362 =005 20130612092630 =008 ***********************************Ind** =035 ##$$0010-061300000004362 =041 ##$$a Ind =082 ##$$a 819.12 =090 ##$$a 819.12, Aiy s =100 ##$$a Aiyud =245 ##$$a Sejarah poertumbuhan Sastra Indonesia di SUMUT / oleh Aiyud, Z. Pangaduan Lubis, D. Syahrial Isa. -- =260 ##$$a 2000 $b Jakarta : Pusat Pembinaan dan Pengembangan Bahasa =300 ##$$a x, 178 hlm. ; 21 cm =650 ##$$a Kesusastraan Indonesia - Sejarah =700 ##$$a Lubis, Z. Pangaduan, Isa, D. Syahrial =850 ##$$a NBPNMAT